| 000 | 01187nam a2200277 4500 | ||
|---|---|---|---|
| 001 | 143853 | ||
| 003 | ES-MaACL | ||
| 005 | 20250823085851.0 | ||
| 007 | t| | ||
| 008 | 070214s1955 pr r ||||1| spa d | ||
| 100 | 1 |
_aShakespeare, William, _d1564-1616 _9105992 |
|
| 245 | 1 | 0 |
_aObras completas de William Shakespeare. _n1 / _cnueva versión al castellano, con introducción, notas y bibliografía por Luis Astrana Marín. |
| 250 | _aEd. bilingüe ilustrada. | ||
| 260 |
_aSan Juan [Puerto Rico] : _bUniversidad de Puerto Rico ; _aMadrid : _bRevista de Occidente, _c1955 ( _fAltamira) |
||
| 300 |
_a1 v. (CXII, 654 p., LIII lám.) ; _c22 cm. |
||
| 490 | 1 | _aBiblioteca de cultura básica | |
| 505 | 8 | _aContiene: Introducción. Macbeth = The tragedy of Macbeth ; Trabajos de amor perdidos = Love's labour's lost ; Mucho ruido para nada = Much ado about nothing. | |
| 700 | 1 |
_aAstrana Marín, Luis. _923693 |
|
| 710 | 2 |
_aUniversidad de Puerto Rico _97273 |
|
| 740 | 0 | 2 | _aMacbeth. |
| 740 | 0 | 2 | _aTrabajos de amor perdidos. |
| 740 | 0 | 2 | _aMucho ruido para nada. |
| 830 | 1 |
_aBiblioteca de cultura básica _9181999 |
|
| 852 |
_aES-MaACL _jE-3355 |
||
| 999 |
_c143853 _d143853 |
||